00574nam a22001577a 4500020001800000040000900018082001600027100003100043110004500074245007700119260003900196650004500235942001200280999001900292952010500311 a9788131716755 cNUST a004.21bMAZ aMuhammad Ali Mazidi991715 aRolind D. Mckinlay, Danny Causey9124445 aPIC Microcontroller and Embedded SystemsbUsing Assembly and C for PIC18 aIndia:bDorling Kindersley,c2013. 2PIC Microcontroller and Embedded Systems 2ddccBK c610303d610303 00102ddc4070aCEMEbCEMEcGENd2024-07-11l0o004.21 MAZpCEME- 47529r2024-07-11w2024-07-11yBK